| 000 | 00495nam a22001577a 4500 | ||
|---|---|---|---|
| 003 | 0 | ||
| 005 | 20241226145717.0 | ||
| 008 | 220815b xxu||||| |||| 00| 0 eng d | ||
| 020 | _a978-1-382-01683-4 | ||
| 050 |
_aTR IB HF 1008 _b.L845 2022 |
||
| 245 |
_aBusiness management : course companion _cLoykie Lomine; Martin Muchena; Robert A. Pierce |
||
| 260 |
_aUnited Kingdom _bOxford Uiversity Press _c2022 |
||
| 300 |
_axiii,410pp. _c27cm _fBook |
||
| 500 | _aBusiness management. | ||
| 942 |
_2lcc _cBK |
||
| 999 |
_c364779 _d364779 |
||